[Event "TCh-TUR Super League 2018"]
[Site "Ankara TUR"]
[Date "2018.07.27"]
[Round "3.3.2"]
[White "Baryshpolets, Andrey"]
[Black "Triapishko, Alexandr"]
[Result "1/2-1/2"]
[WhiteTitle "GM"]
[BlackTitle "IM"]
[WhiteElo "2603"]
[BlackElo "2509"]
[WhiteTeam "KARAMAN BELEDIYE SPOR KULUBU"]
[BlackTeam "TAS DUVAR SPOR KULUBU DERNEGI"]
[WhiteFideId "14117207"]
[BlackFideId "14122286"]
[EventDate "2018.07.25"]

1. d4 Nf6 2. c4 g6 3. g3 c6 4. Bg2 d5 5. Qa4 Bg7 6. cxd5 Nxd5 7. Nf3 O-O 8. O-O
Nb6 9. Qc2 Bg4 10. Rd1 Bxf3 11. Bxf3 e5 12. dxe5 Qe7 13. Bg2 Bxe5 14. Nc3 Na6
15. Bd2 Nc4 16. Be1 Rad8 17. e3 Bg7 18. Qe2 Qe6 19. Rac1 Nb6 20. b3 Nb4 21. Ne4
Qe7 22. a3 Na6 23. b4 Rxd1 24. Qxd1 Rd8 25. Qb3 Nc7 26. a4 Nd7 27. Rd1 Ne5 28.
Nc5 Rxd1 29. Qxd1 b6 30. Ne4 Ne6 31. Bc3 Nc4 32. Qb3 Nd6 33. Nxd6 Qxd6 34. Be1
h5 35. Kf1 Kf8 36. Qc4 Nd8 37. Ke2 Ke7 38. Bd2 Qd7 39. Qe4+ Kf8 40. Bf3 Qd6 41.
Qd3 Ke7 42. Bg2 Qxd3+ 43. Kxd3 a6 44. f4 b5 45. a5 Kd7 46. e4 Bf8 47. Bh3+ Kc7
48. f5 c5 49. Bf4+ Kc6 50. fxg6 fxg6 51. bxc5 Nb7 52. Bg2 Nxc5+ 53. Kc3 Ne6 54.
Be3 Bg7+ 1/2-1/2

[Event "TCh-TUR Super League 2018"]
[Site "Ankara TUR"]
[Date "2018.07.27"]
[Round "3.3.6"]
[White "Gulbeyaz, Emir"]
[Black "Samani, Yamac"]
[Result "0-1"]
[BlackTitle "FM"]
[WhiteElo "2074"]
[BlackElo "2227"]
[WhiteTeam "KARAMAN BELEDIYE SPOR KULUBU"]
[BlackTeam "TAS DUVAR SPOR KULUBU DERNEGI"]
[WhiteFideId "6377076"]
[BlackFideId "6352634"]
[EventDate "2018.07.25"]

1. d4 d5 2. Nf3 Nf6 3. c4 e6 4. cxd5 exd5 5. Nc3 c6 6. Qc2 Be7 7. Bf4 O-O 8. e3
a5 9. Bd3 Na6 10. a3 Nc7 11. h3 Ne6 12. Bh2 g6 13. O-O Ng7 14. Ne5 Bf5 15. Rab1
Bxd3 16. Qxd3 a4 17. g4 Nd7 18. f4 f5 19. Kh1 Nxe5 20. dxe5 Ne6 21. Ne2 Nc5 22.
Qc2 Ne4 23. Nd4 Qc8 24. Rg1 Bc5 25. Rg2 Bxd4 26. exd4 Qd8 27. g5 Qb6 28. Rd1 Ra5
29. Bg3 Rb5 30. Be1 Rb3 31. Kh2 Qb5 32. Bb4 Re8 33. Qc1 Kf7 34. h4 Rf3 35. Kg1
Rh3 36. Be1 Qb3 37. Qc2 Qe3+ 38. Bf2 Qxf4 39. Rd3 Rxd3 40. Qxd3 Qc1+ 41. Kh2
Qxb2 42. Be3 Qc3 43. Qb1 Qxe3 44. Qxb7+ 0-1

[Event "TCh-TUR Super League 2018"]
[Site "Ankara TUR"]
[Date "2018.07.27"]
[Round "3.4.1"]
[White "Zhigalko, Sergei"]
[Black "Cheparinov, Ivan"]
[Result "0-1"]
[WhiteTitle "GM"]
[BlackTitle "GM"]
[WhiteElo "2616"]
[BlackElo "2712"]
[WhiteTeam "KAHRAMANMARAS BUYUKSEHIR BELEDIYESI GENCLIK VE SPOR KULUBU DERNEGI"]
[BlackTeam "TURK HAVA YOLLARI (THY) SPOR KULUBU"]
[WhiteFideId "13502956"]
[BlackFideId "2905540"]
[EventDate "2018.07.25"]

1. d4 Nf6 2. Nf3 g6 3. Bf4 Bg7 4. e3 O-O 5. Be2 d6 6. h3 b6 7. O-O Bb7 8. a4 c5
9. c3 a6 10. Nbd2 Nbd7 11. Re1 cxd4 12. exd4 Nd5 13. Bh2 Bh6 14. Bd3 N7f6 15.
Ne4 Nh5 16. Bf1 Ne3 17. fxe3 Bxe4 18. Bd3 Nf6 19. Bxe4 Nxe4 20. Nd2 Nxd2 21.
Qxd2 b5 22. Qd3 Qd7 23. axb5 axb5 24. e4 Qc6 25. d5 Qc5+ 26. Kh1 Bg7 27. Bg1 Qc4
28. Qxc4 bxc4 29. Ba7 Rfc8 30. Ra2 Rcb8 31. Rea1 Rxb2 32. Rxb2 Bxc3 33. Rbb1
Bxa1 34. Rxa1 c3 35. g4 c2 36. Rc1 Rxa7 37. Rxc2 Ra3 38. Kg2 Re3 39. Rc4 g5 40.
Rb4 Kg7 41. Ra4 h6 42. Rb4 Kf6 43. Ra4 e6 44. dxe6 fxe6 45. Rb4 Ke5 46. Rb7 Rxe4
47. Rh7 d5 48. Rxh6 d4 49. Rg6 d3 50. Rxg5+ Kf4 51. Rg8 d2 52. Rf8+ Ke5 0-1

[Event "TCh-TUR Super League 2018"]
[Site "Ankara TUR"]
[Date "2018.07.27"]
[Round "3.4.2"]
[White "Salgado Lopez, Ivan"]
[Black "Kanmazalp, Ogulcan"]
[Result "1/2-1/2"]
[WhiteTitle "GM"]
[BlackTitle "IM"]
[WhiteElo "2643"]
[BlackElo "2481"]
[WhiteTeam "TURK HAVA YOLLARI (THY) SPOR KULUBU"]
[BlackTeam "KAHRAMANMARAS BUYUKSEHIR BELEDIYESI GENCLIK VE SPOR KULUBU DERNEGI"]
[WhiteFideId "2257327"]
[BlackFideId "6304990"]
[EventDate "2018.07.25"]

1. d4 d5 2. c4 e6 3. Nc3 c6 4. e3 Nf6 5. Nf3 Nbd7 6. Qc2 Bd6 7. Be2 O-O 8. O-O
b6 9. b3 Bb7 10. Bb2 Qe7 11. Rac1 Rac8 12. Rfd1 Rfd8 13. Qb1 a6 14. a4 a5 15.
Bf1 h6 16. h3 Bb4 17. Be2 Bd6 18. Qa1 Ne4 19. Nd2 Nxd2 20. Rxd2 Nf6 21. cxd5
cxd5 22. Rdc2 Bb4 23. Qb1 Ne8 24. Bd3 Rc7 25. Nb5 Rxc2 26. Qxc2 Rc8 27. Qd1 Rxc1
28. Qxc1 Nd6 29. Ba3 Nxb5 30. Bxb4 Qxb4 31. Bxb5 Qd6 32. Qc2 g6 33. f4 h5 34. g4
hxg4 35. hxg4 Qd8 36. g5 Qc8 37. Qxc8+ Bxc8 38. Kf2 Kf8 39. Ke2 Ke7 40. Kd2 Bd7
41. Bd3 Bc6 42. Kc3 Kd6 43. Kb2 Kc7 44. Ka3 Kd6 45. b4 Kc7 46. Kb3 Kd6 47. Bc2
Kc7 48. Kc3 Kd6 49. Kb3 1/2-1/2

[Event "TCh-TUR Super League 2018"]
[Site "Ankara TUR"]
[Date "2018.07.27"]
[Round "3.5.2"]
[White "Ivic, Velimir"]
[Black "Kovalev, Vladislav"]
[Result "1/2-1/2"]
[WhiteTitle "IM"]
[BlackTitle "GM"]
[WhiteElo "2432"]
[BlackElo "2655"]
[WhiteTeam "GOKCEADA SPOR KULUBU"]
[BlackTeam "DENIZ SU AQUAMATCH SATRANC GENCLIK VE SPOR KULUBU DERNEGI"]
[WhiteFideId "950122"]
[BlackFideId "13504398"]
[EventDate "2018.07.25"]

1. e4 e5 2. Nf3 Nc6 3. Bb5 a6 4. Ba4 Nf6 5. O-O Be7 6. d3 b5 7. Bb3 d6 8. a3 O-O
9. Nc3 Nb8 10. h3 c5 11. Nd5 Be6 12. Nxf6+ Bxf6 13. Bxe6 fxe6 14. Be3 Nd7 15. b4
d5 16. c4 d4 17. Bd2 bxc4 18. dxc4 Qc7 19. Qe2 Rfc8 20. Rfc1 Nb6 21. Ne1 a5 22.
b5 a4 23. Nd3 g6 24. Rc2 Qe7 25. Qg4 Nd7 26. Rf1 Bg7 27. Bg5 Qd6 28. g3 Rf8 29.
Kg2 Rf7 30. h4 h6 31. Bc1 Kh7 1/2-1/2

[Event "TCh-TUR Super League 2018"]
[Site "Ankara TUR"]
[Date "2018.07.27"]
[Round "3.5.7"]
[White "Shevchenko, Kirill"]
[Black "Yildirim, Ibrahim Halil"]
[Result "1-0"]
[WhiteTitle "GM"]
[WhiteElo "2554"]
[BlackElo "1887"]
[WhiteTeam "DENIZ SU AQUAMATCH SATRANC GENCLIK VE SPOR KULUBU DERNEGI"]
[BlackTeam "GOKCEADA SPOR KULUBU"]
[WhiteFideId "14129574"]
[BlackFideId "34512462"]
[EventDate "2018.07.25"]

1. d4 d5 2. Bf4 Nf6 3. e3 c5 4. c3 Nc6 5. Nd2 Bf5 6. Qb3 Qb6 7. dxc5 Qxb3 8.
axb3 e5 9. Bg3 Bxc5 10. Ngf3 Nd7 11. b4 Bd6 12. Nd4 Nxd4 13. exd4 f6 14. Bb5 Ke7
15. dxe5 Bxe5 16. Bxd7 Kxd7 17. O-O-O a5 18. Nc4 axb4 19. Nb6+ Ke6 20. Nxa8 Rxa8
21. cxb4 Rc8+ 22. Kd2 Rc2+ 23. Ke3 Rxb2 24. Bxe5 fxe5 25. Rd2 Rb3+ 26. Ke2 Rxb4
27. f3 Rc4 28. Ra1 Kd6 29. Ra8 Rc8 30. Ra7 Rb8 31. Rb2 Kc6 32. h4 Bd7 33. Rba2
Kc7 34. Ra8 Bc6 35. Rxb8 Kxb8 36. f4 e4 37. Ke3 b5 38. Kd4 Kb7 39. Kc5 g6 40.
Ra3 Kc7 41. g4 b4 42. Rb3 Bd7 43. Kxd5 Bxg4 44. Kxe4 Kd6 45. Rxb4 Bf5+ 46. Kd4
h6 47. Rb6+ Ke7 48. Ke5 Bc2 49. Rb7+ Ke8 50. Kf6 Bd3 51. Re7+ Kd8 52. Rg7 g5 53.
fxg5 hxg5 54. hxg5 Ke8 55. g6 1-0

[Event "TCh-TUR Super League 2018"]
[Site "Ankara TUR"]
[Date "2018.07.27"]
[Round "3.6.1"]
[White "Jakovenko, Dmitry"]
[Black "Ali Marandi, Cemil Can"]
[Result "1-0"]
[WhiteTitle "GM"]
[BlackTitle "GM"]
[WhiteElo "2749"]
[BlackElo "2540"]
[WhiteTeam "HATAY BUYUKSEHIR BELEDIYESI GENCLIK SPOR KULUBU"]
[BlackTeam "BURSA BUYUKSEHIR BELEDIYESPOR KULUBU"]
[WhiteFideId "4122356"]
[BlackFideId "6300529"]
[EventDate "2018.07.25"]

1. e4 e5 2. Nf3 Nc6 3. Bb5 f5 4. Nc3 fxe4 5. Nxe4 Nf6 6. Nxf6+ Qxf6 7. Qe2 Be7
8. Bxc6 bxc6 9. d4 Qg6 10. O-O d6 11. Qc4 d5 12. Qb3 e4 13. Ne5 Qe6 14. f4 O-O
15. Be3 Bd6 16. Qc3 c5 17. dxc5 Bxe5 18. fxe5 Ba6 19. Rxf8+ Rxf8 20. c6 Rf5 21.
Bxa7 Rxe5 22. Be3 Rf5 23. a4 Rf6 24. b4 Bc4 25. b5 Qf5 26. h3 Rg6 27. Kh2 h5 28.
Rg1 h4 29. Qd2 Rf6 30. Bd4 Rf7 31. Rb1 Qg6 32. a5 Qg3+ 33. Kg1 Qg6 34. a6 Qf5
35. a7 Rf8 36. Qf2 Qxf2+ 37. Bxf2 Ra8 38. b6 cxb6 39. Rxb6 1-0

[Event "TCh-TUR Super League 2018"]
[Site "Ankara TUR"]
[Date "2018.07.27"]
[Round "3.6.2"]
[White "Haznedaroglu, Kivanc"]
[Black "Yilmaz, Mustafa"]
[Result "1/2-1/2"]
[WhiteTitle "GM"]
[BlackTitle "GM"]
[WhiteElo "2472"]
[BlackElo "2624"]
[WhiteTeam "BURSA BUYUKSEHIR BELEDIYESPOR KULUBU"]
[BlackTeam "HATAY BUYUKSEHIR BELEDIYESI GENCLIK SPOR KULUBU"]
[WhiteFideId "6300634"]
[BlackFideId "6302718"]
[EventDate "2018.07.25"]

1. e4 c5 2. Nf3 d6 3. d4 cxd4 4. Nxd4 Nf6 5. Nc3 a6 6. h4 e5 7. Nb3 Be7 8. Bg5
Be6 9. Bxf6 Bxf6 10. g3 Be7 11. Bh3 O-O 12. Nd5 Nd7 13. Qd3 Nb6 14. O-O-O Nxd5
15. exd5 Bxh3 16. Rxh3 Qd7 17. Rh2 a5 18. Nd2 b5 19. Kb1 f5 20. f3 Bf6 21. Rg2
a4 22. g4 e4 23. fxe4 fxg4 24. h5 a3 25. b3 Rac8 26. Qg3 Qc7 27. c4 Qa7 28. Qd3
Qe7 29. Qg3 bxc4 30. Qxg4 Qa7 31. e5 c3 32. exf6 c2+ 33. Kc1 cxd1=Q+ 34. Kxd1
Rce8 35. fxg7 Rf2 36. Rxf2 Qxf2 37. h6 Qf7 38. Qg5 Qg6 39. Qxg6 hxg6 40. Nc4 Kh7
41. Nxd6 Re5 42. Kc2 g5 43. Kc3 g4 44. Kd4 g3 45. Kxe5 g2 46. Ne4 g1=Q 47. Nf6+
Kxh6 48. g8=Q Qd4+ 49. Kxd4 1/2-1/2

[Event "TCh-TUR Super League 2018"]
[Site "Ankara TUR"]
[Date "2018.07.27"]
[Round "3.6.6"]
[White "Erdogan, Anil Berk"]
[Black "Alekseenko, Kirill"]
[Result "0-1"]
[WhiteTitle "CM"]
[BlackTitle "GM"]
[WhiteElo "2110"]
[BlackElo "2627"]
[WhiteTeam "BURSA BUYUKSEHIR BELEDIYESPOR KULUBU"]
[BlackTeam "HATAY BUYUKSEHIR BELEDIYESI GENCLIK SPOR KULUBU"]
[WhiteFideId "6348173"]
[BlackFideId "4135539"]
[EventDate "2018.07.25"]

1. e4 c5 2. Nf3 Nc6 3. c3 Qa5 4. Na3 e6 5. Nc4 Qc7 6. d4 cxd4 7. cxd4 d5 8. exd5
exd5 9. Nce5 Bd6 10. Nxc6 bxc6 11. Bd3 Bg4 12. a3 Bxh2 13. Rxh2 Bxf3 14. Qc2 Ne7
15. g3 Qd7 16. Bg5 f6 17. Bf4 Kf7 18. Kf1 Rae8 19. Re1 g6 20. b4 Bg4 21. Qc5 g5
22. Bd6 Bh3+ 23. Rxh3 Qxh3+ 24. Kg1 Nc8 25. Rc1 Qd7 26. Bb8 Nb6 27. Bd6 Rd8 28.
Qc2 Qxd6 29. Bxh7 Kf8 30. Qg6 Qe7 31. Rxc6 Nd7 32. Qh6+ Qg7 0-1

[Event "TCh-TUR Super League 2018"]
[Site "Ankara TUR"]
[Date "2018.07.27"]
[Round "3.6.7"]
[White "Uzumcu, Ahmet Utku"]
[Black "Gurel, Ediz"]
[Result "1-0"]
[WhiteTitle "FM"]
[WhiteElo "2261"]
[BlackElo "1792"]
[WhiteTeam "HATAY BUYUKSEHIR BELEDIYESI GENCLIK SPOR KULUBU"]
[BlackTeam "BURSA BUYUKSEHIR BELEDIYESPOR KULUBU"]
[WhiteFideId "6372937"]
[BlackFideId "44507356"]
[EventDate "2018.07.25"]

1. e4 c5 2. Nf3 e6 3. d4 cxd4 4. Nxd4 Nc6 5. Nxc6 bxc6 6. Bd3 Nf6 7. Nd2 d5 8.
Qe2 Be7 9. O-O O-O 10. b3 Bb4 11. e5 Nd7 12. Bb2 h6 13. Rad1 Nc5 14. c3 Nxd3 15.
Qxd3 Be7 16. Rfe1 a5 17. Qg3 a4 18. b4 Ba6 19. a3 Qb6 20. Nf3 c5 21. Bc1 Kh7 22.
Be3 Qc7 23. bxc5 Bxc5 24. Bxc5 Qxc5 25. Rd4 f5 26. exf6 Rxf6 27. Rxa4 Ra7 28.
Rh4 Bc8 29. a4 Rb7 30. Ne5 Rb2 31. Ng4 Rg6 32. Qd3 Ba6 33. Qe3 Qa3 34. h3 Rc2
35. Nxh6 gxh6 36. Qa7+ Rg7 37. Qxa6 Qf8 38. Qd3+ Qf5 39. Qe3 Rg6 40. Rf4 Qg5 41.
Rf7+ Kg8 42. Qxg5 hxg5 43. Re7 Rf6 44. f3 Rxc3 45. R1xe6 Rf7 1-0

[Event "TCh-TUR Super League 2018"]
[Site "Ankara TUR"]
[Date "2018.07.28"]
[Round "4.1.1"]
[White "Abasov, Nijat"]
[Black "Jakovenko, Dmitry"]
[Result "1/2-1/2"]
[WhiteTitle "GM"]
[BlackTitle "GM"]
[WhiteElo "2623"]
[BlackElo "2749"]
[WhiteTeam "GOKCEADA SPOR KULUBU"]
[BlackTeam "HATAY BUYUKSEHIR BELEDIYESI GENCLIK SPOR KULUBU"]
[WhiteFideId "13402960"]
[BlackFideId "4122356"]
[EventDate "2018.07.25"]

1. d4 Nf6 2. c4 e6 3. Nf3 b6 4. g3 Ba6 5. b3 d5 6. Bg2 Bb4+ 7. Bd2 Be7 8. cxd5
exd5 9. Nc3 O-O 10. O-O Re8 11. Re1 Bb7 12. Qc2 Na6 13. Rac1 c5 14. Red1 Ne4 15.
Be1 Qc8 16. dxc5 Nxc3 17. Bxc3 bxc5 18. Qb2 Bf8 19. b4 d4 20. Bxd4 Nxb4 21. a3
Na6 22. Be5 Nc7 23. h4 h6 24. Rd2 Be4 25. Qc3 Rb8 26. Kh2 Rb7 27. Qe3 Bc6 28.
Qf4 Nd5 29. Qc4 Nb6 30. Qf4 Nd5 31. Qc4 Nb6 32. Qf4 1/2-1/2

[Event "TCh-TUR Super League 2018"]
[Site "Ankara TUR"]
[Date "2018.07.28"]
[Round "4.1.2"]
[White "Yilmaz, Mustafa"]
[Black "Ivic, Velimir"]
[Result "1/2-1/2"]
[WhiteTitle "GM"]
[BlackTitle "IM"]
[WhiteElo "2624"]
[BlackElo "2432"]
[WhiteTeam "HATAY BUYUKSEHIR BELEDIYESI GENCLIK SPOR KULUBU"]
[BlackTeam "GOKCEADA SPOR KULUBU"]
[WhiteFideId "6302718"]
[BlackFideId "950122"]
[EventDate "2018.07.25"]

1. d4 Nf6 2. c4 g6 3. Nc3 Bg7 4. e4 d6 5. Be2 O-O 6. Be3 c5 7. dxc5 dxc5 8. e5
Nfd7 9. f4 f6 10. e6 Nb6 11. Qxd8 Rxd8 12. Bxc5 Bxe6 13. b3 Nc6 14. Nf3 Bh6 15.
g3 Nd7 16. Be3 Nde5 17. O-O Bg4 18. Nxe5 Nxe5 19. Bxg4 Nxg4 20. Bc5 Rd3 21. Nd5
e6 22. Nb4 Rd2 23. h3 b6 24. Be7 Kf7 25. Rad1 Rxd1 26. Rxd1 Kxe7 27. Nc6+ Ke8
28. hxg4 Rc8 29. Nxa7 Ra8 30. Nc6 Rxa2 31. Rd8+ Kf7 32. Rd7+ Kg8 33. Ne7+ Kf8
34. Nc8 Rb2 35. Rd3 Ke8 36. Nxb6 Bf8 37. Kf1 Bb4 38. Nd7 Kf7 39. Nb8 e5 40. Nc6
e4 41. Re3 Rb1+ 42. Ke2 Ba3 43. f5 h5 1/2-1/2

[Event "TCh-TUR Super League 2018"]
[Site "Ankara TUR"]
[Date "2018.07.28"]
[Round "4.1.4"]
[White "Esen, Baris"]
[Black "Sel, Sedat"]
[Result "1-0"]
[WhiteTitle "GM"]
[WhiteElo "2487"]
[BlackElo "1689"]
[WhiteTeam "HATAY BUYUKSEHIR BELEDIYESI GENCLIK SPOR KULUBU"]
[BlackTeam "GOKCEADA SPOR KULUBU"]
[WhiteFideId "6302114"]
[BlackFideId "6322115"]
[EventDate "2018.07.25"]

1. d4 Nf6 2. Nf3 d5 3. c4 Bg4 4. Ne5 Bf5 5. cxd5 Qxd5 6. Nc3 Qa5 7. Qb3 e6 8.
Qxb7 Be4 9. Qb5+ Qxb5 10. Nxb5 Bd6 11. f3 Bc6 12. e4 a6 13. Nxd6+ cxd6 14. Nc4
d5 15. Nd6+ Ke7 16. e5 Ne8 17. b3 Nxd6 18. Ba3 Bb5 19. Bxd6+ Kd7 20. Bc5 Rc8 21.
Kd2 Bxf1 22. Rhxf1 a5 23. Rfc1 Na6 24. Bd6 Nc7 25. Bxc7 Rxc7 26. Rxc7+ Kxc7 27.
Rc1+ Kb6 28. f4 a4 29. b4 a3 30. Rc5 Ra7 31. Kc3 g6 32. Kb3 Ra8 33. b5 h6 34.
Kb4 Ra7 35. Rc6+ Kb7 36. Rc3 Kb6 37. Rxa3 Rc7 38. Ra6+ Kb7 39. Rc6 Rxc6 40.
bxc6+ Kxc6 41. a4 Kb6 42. a5+ Ka6 43. Ka4 g5 44. fxg5 hxg5 45. h3 Kb7 46. g3 1-0

[Event "TCh-TUR Super League 2018"]
[Site "Ankara TUR"]
[Date "2018.07.28"]
[Round "4.1.6"]
[White "Alekseenko, Kirill"]
[Black "Ozcan, Kaan"]
[Result "1-0"]
[WhiteTitle "GM"]
[WhiteElo "2627"]
[BlackElo "1523"]
[WhiteTeam "HATAY BUYUKSEHIR BELEDIYESI GENCLIK SPOR KULUBU"]
[BlackTeam "GOKCEADA SPOR KULUBU"]
[WhiteFideId "4135539"]
[BlackFideId "34566422"]
[EventDate "2018.07.25"]

1. d4 Nf6 2. Nc3 d5 3. Bf4 g6 4. e3 Bg7 5. h4 O-O 6. h5 Nxh5 7. Rxh5 gxh5 8.
Qxh5 c6 9. Nf3 f6 10. Bd3 f5 11. O-O-O Qe8 12. Qh4 Bf6 13. Qg3+ Qg6 14. Bxb8
Qxg3 15. Bxg3 Bd7 16. Ne5 Bxe5 17. Bxe5 Be8 18. Rh1 Bg6 19. Ne2 Kf7 20. Nf4 Rg8
21. g4 e6 22. Rh6 b5 23. Nxe6 Kxe6 24. gxf5+ Kf7 25. fxg6+ hxg6 26. Rh7+ Ke6 27.
Be2 Kf5 28. Rf7+ Ke6 29. Rf6+ Ke7 30. Rxc6 Rac8 31. Ra6 Ra8 32. Bxb5 Rac8 33.
Rxa7+ Ke6 34. Bd7+ 1-0

[Event "TCh-TUR Super League 2018"]
[Site "Ankara TUR"]
[Date "2018.07.28"]
[Round "4.2.1"]
[White "Cheparinov, Ivan"]
[Black "Inarkiev, Ernesto"]
[Result "1/2-1/2"]
[WhiteTitle "GM"]
[BlackTitle "GM"]
[WhiteElo "2712"]
[BlackElo "2684"]
[WhiteTeam "TURK HAVA YOLLARI (THY) SPOR KULUBU"]
[BlackTeam "DENIZ SU AQUAMATCH SATRANC GENCLIK VE SPOR KULUBU DERNEGI"]
[WhiteFideId "2905540"]
[BlackFideId "4162722"]
[EventDate "2018.07.25"]

1. Nf3 d5 2. d4 Nf6 3. c4 e6 4. g3 Bb4+ 5. Bd2 Be7 6. Bg2 O-O 7. O-O c6 8. Qc2
Nbd7 9. a4 a5 10. Na3 Ne4 11. Be3 Bd6 12. Ne1 f5 13. Nd3 Qe7 14. Rfc1 Kh8 15.
Qb3 Bb8 16. Bf4 Ba7 17. e3 Nd6 18. h4 Nf6 19. Qc3 Bb8 20. c5 Nde4 21. Qe1 Nd7
22. Bxb8 Nxb8 23. Nb1 Bd7 24. Nd2 Be8 25. Nf3 Bh5 26. Nfe5 Nd7 27. Rab1 Rfc8 28.
Nxd7 Qxd7 29. b4 axb4 30. Rxb4 Rc7 31. Rcb1 Ra7 32. Ne5 Qe7 33. R1b2 h6 34. f3
Nf6 35. e4 fxe4 36. fxe4 Kg8 37. Qb1 Ng4 38. Bf3 Nf6 39. exd5 exd5 40. g4 Bf7
41. Re2 Ne4 42. Bxe4 dxe4 43. Nxf7 Qxf7 44. Qxe4 Ra8 45. Qf5 Rf8 46. Rf2 Qxf5
47. gxf5 Re8 48. f6 Re4 49. Rg2 Rxh4 50. Rxg7+ Rxg7+ 51. fxg7 Rg4+ 52. Kf2 Rxg7
53. a5 1/2-1/2

[Event "TCh-TUR Super League 2018"]
[Site "Ankara TUR"]
[Date "2018.07.28"]
[Round "4.2.2"]
[White "Kovalev, Vladislav"]
[Black "Salgado Lopez, Ivan"]
[Result "1/2-1/2"]
[WhiteTitle "GM"]
[BlackTitle "GM"]
[WhiteElo "2655"]
[BlackElo "2643"]
[WhiteTeam "DENIZ SU AQUAMATCH SATRANC GENCLIK VE SPOR KULUBU DERNEGI"]
[BlackTeam "TURK HAVA YOLLARI (THY) SPOR KULUBU"]
[WhiteFideId "13504398"]
[BlackFideId "2257327"]
[EventDate "2018.07.25"]

1. e4 c5 2. Nf3 d6 3. Bb5+ Nd7 4. O-O a6 5. Bd3 Ngf6 6. Re1 b5 7. c4 Rb8 8. Nc3
b4 9. Nd5 e5 10. a3 a5 11. axb4 axb4 12. Ra7 Nxd5 13. cxd5 Be7 14. Qe2 Qb6 15.
Ra1 Nf6 16. Bc4 O-O 17. d3 Bg4 18. h3 Bxf3 19. Qxf3 Ra8 20. Bg5 Ra7 21. h4 Rfa8
22. Rxa7 Rxa7 23. Qh3 Qb8 24. g3 h6 25. Be3 Nd7 26. Qg4 Nf6 27. Qh3 Nd7 28. Qg4
Nf6 29. Qf5 Nd7 30. Kg2 Qd8 31. Rc1 Bf6 32. Qg4 Kh8 33. Bb5 Nf8 34. Qd1 Ng6 35.
Qg4 Nf8 36. Bc6 Ra2 37. Qd1 Qb8 38. Ba4 Rxb2 39. Ra1 b3 40. Bc6 Ra2 41. Rb1 b2
42. Qc2 Ng6 43. Ba4 Qc8 44. Rxb2 Nf4+ 45. Bxf4 Rxb2 46. Qxb2 exf4 47. Qb5 fxg3
48. fxg3 Be5 1/2-1/2

[Event "TCh-TUR Super League 2018"]
[Site "Ankara TUR"]
[Date "2018.07.28"]
[Round "4.2.5"]
[White "Yildiz Kadioglu, Betul Cemre"]
[Black "Atalik, Ekaterina"]
[Result "1/2-1/2"]
[WhiteTitle "WGM"]
[BlackTitle "IM"]
[WhiteElo "2323"]
[BlackElo "2461"]
[WhiteTeam "TURK HAVA YOLLARI (THY) SPOR KULUBU"]
[BlackTeam "DENIZ SU AQUAMATCH SATRANC GENCLIK VE SPOR KULUBU DERNEGI"]
[WhiteFideId "6302920"]
[BlackFideId "4130189"]
[EventDate "2018.07.25"]

1. e4 c5 2. Nf3 Nc6 3. d4 cxd4 4. Nxd4 e5 5. Nb5 d6 6. c4 Be7 7. N1c3 a6 8. Na3
Nf6 9. Be2 Be6 10. Be3 Rc8 11. f3 O-O 12. O-O Nd4 13. Nd5 Nxd5 14. cxd5 Nxe2+
15. Qxe2 Bd7 16. Rfc1 f5 17. Rxc8 Bxc8 18. Nc4 fxe4 19. fxe4 Qe8 20. Nb6 Qg6 21.
Nxc8 Rxc8 22. Rc1 Rxc1+ 23. Bxc1 Bd8 24. Qf3 Bb6+ 25. Be3 Bxe3+ 26. Qxe3 Qg4 27.
Qd3 Qc8 28. b3 Qc1+ 29. Kf2 Qf4+ 30. Kg1 h6 31. h3 Kh7 32. Qc2 Qe3+ 33. Kh2 b5
34. Qc6 Qf4+ 35. Kh1 Qf1+ 1/2-1/2

[Event "TCh-TUR Super League 2018"]
[Site "Ankara TUR"]
[Date "2018.07.28"]
[Round "4.2.7"]
[White "Can, Isik"]
[Black "Shevchenko, Kirill"]
[Result "0-1"]
[WhiteTitle "FM"]
[BlackTitle "GM"]
[WhiteElo "2385"]
[BlackElo "2554"]
[WhiteTeam "TURK HAVA YOLLARI (THY) SPOR KULUBU"]
[BlackTeam "DENIZ SU AQUAMATCH SATRANC GENCLIK VE SPOR KULUBU DERNEGI"]
[WhiteFideId "6383742"]
[BlackFideId "14129574"]
[EventDate "2018.07.25"]

1. e4 c5 2. Nf3 d6 3. d4 cxd4 4. Nxd4 Nf6 5. Nc3 a6 6. Bg5 Nbd7 7. Qe2 h6 8. Bh4
g6 9. f4 e5 10. fxe5 dxe5 11. O-O-O Qc7 12. Nb3 b5 13. Qf3 Bg7 14. Bd3 O-O 15.
Rhf1 Bb7 16. a3 Rac8 17. Be1 Nb6 18. Kb1 Nc4 19. g4 Rfd8 20. h4 h5 21. gxh5 Nxh5
22. Nc5 Nf4 23. Nxb7 Qxb7 24. Bxc4 Rxd1+ 25. Qxd1 Rxc4 26. Qd8+ Kh7 27. h5 gxh5
28. Rg1 Qc6 29. Qh4 Rd4 30. Bg3 Qh6 31. Bxf4 exf4 32. Qh3 Rd6 33. Nd5 Rg6 34.
Qf5 f3 35. Rf1 Qg5 36. Qxf7 Qe5 37. Nc3 Rf6 38. Qa7 Qg3 39. Rg1 h4 40. Nd5 Rg6
41. Rh1 f2 42. Ka2 h3 43. Qd7 h2 44. Ne7 Qe5 45. c3 Rh6 46. Nf5 f1=Q 47. Rxf1 0-1

[Event "TCh-TUR Super League 2018"]
[Site "Ankara TUR"]
[Date "2018.07.28"]
[Round "4.3.1"]
[White "Kravtsiv, Martyn"]
[Black "Zhigalko, Sergei"]
[Result "1-0"]
[WhiteTitle "GM"]
[BlackTitle "GM"]
[WhiteElo "2654"]
[BlackElo "2616"]
[WhiteTeam "KARAMAN BELEDIYE SPOR KULUBU"]
[BlackTeam "KAHRAMANMARAS BUYUKSEHIR BELEDIYESI GENCLIK VE SPOR KULUBU DERNEGI"]
[WhiteFideId "14113147"]
[BlackFideId "13502956"]
[EventDate "2018.07.25"]

1. d4 Nf6 2. c4 e6 3. Nc3 Bb4 4. f3 d5 5. a3 Be7 6. e4 dxe4 7. fxe4 e5 8. d5 O-O
9. Nf3 Bg4 10. h3 Bxf3 11. Qxf3 Nbd7 12. Be3 Bc5 13. O-O-O a5 14. Bd3 Ne8 15.
Na4 Bxe3+ 16. Qxe3 b6 17. Kb1 Nd6 18. c5 bxc5 19. Nxc5 Nxc5 20. Qxc5 f5 21. exf5
e4 22. Be2 Nxf5 23. Rc1 Ng3 24. Rhe1 Nxe2 25. Rxe2 Re8 26. Qc4 Qd6 27. Rxe4 Qg6
28. Re1 Rxe4 29. Rxe4 Kh8 30. Ka2 Qxg2 31. Qc6 Rg8 32. Re8 h6 33. Rxg8+ Kxg8 34.
Qa8+ Kh7 35. Qxa5 h5 36. d6 cxd6 37. Qxh5+ Kg8 38. a4 d5 39. a5 d4 40. Qb5 Qe4
41. Qc4+ Kh7 42. a6 Qf5 43. Kb3 Qxh3+ 44. Kb4 Qd7 45. Qc5 d3 46. a7 Qd8 47. Qh5+
Kg8 48. Qa5 Qe7+ 49. Kb3 Qf7+ 50. Ka3 Qf8+ 51. Qb4 1-0